000 00295nam a22001217a 4500
008 180504b xxu||||| |||| 00| 0 eng d
041 _aeng
080 _a043.3
100 _a0
101 _aARK-BTH
245 _aNdërtesë Edukative: Cerdhe-Kopsht për Fëmijë
_cHaradinaj,V
942 _2udc
_cBK
999 _c45674
_d45674